Online Catalogue and eLibrary

Right-Wing Women: (Record no. 1641)

MARC details
000 -LEADER
fixed length control field 00522nam a2200205Ia 4500
005 - DATE AND TIME OF LATEST TRANSACTION
control field 20250122004424.0
008 - FIXED-LENGTH DATA ELEMENTS--GENERAL INFORMATION
fixed length control field 240331s9999 xx 000 0 und d
020 ## - INTERNATIONAL STANDARD BOOK NUMBER
ISBN 0704339072
082 ## - DDC Classification
Item Number - Author Mark DWO
DDC Edition Number 3565
Class No. 305.4
100 ## - MAIN ENTRY--PERSONAL NAME
Personal name Dworkin, A
245 #0 - TITLE STATEMENT
Title Right-Wing Women:
Remainder of title The Politics of Domesticated Females
260 ## - PUBLICATION, DISTRIBUTION, ETC.
Place of publication, distribution, etc. London
Name of publisher, distributor, etc. The Women's Press Ltd
Date of publication, distribution, etc. 1983
300 ## - PHYSICAL DESCRIPTION
Extent (e.g. Volumes, Pages etc.) xiv, 254 p.,
650 ## - SUBJECT ADDED ENTRY--TOPICAL TERM
Topical term or geographic name entry element Right-wing
650 ## - SUBJECT ADDED ENTRY--TOPICAL TERM
Topical term or geographic name entry element Politics
650 ## - SUBJECT ADDED ENTRY--TOPICAL TERM
Topical term or geographic name entry element Women
650 ## - SUBJECT ADDED ENTRY--TOPICAL TERM
Topical term or geographic name entry element Abortion
650 ## - SUBJECT ADDED ENTRY--TOPICAL TERM
Topical term or geographic name entry element Antifeminism
942 ## - Koha item type (Biblio)
Koha item type Books in Stacks (Lending)
Holdings
Lost status Damaged status Collection code Home library Current library Shelving location Date acquired Full call number Accession Number Item type
    Lending WERC Library WERC Library Social Science Cupboard 03/31/2024 305.4 DWO 3565 Books in Stacks (Lending)

© WERC Library